[Event "blitmenteam"]
[Site "?"]
[Date "2016.10.07"]
[Round "10.9"]
[White "Ponkratov, Pavel"]
[Black "Golubov, Saveliy"]
[Result "0-1"]
[LiveChessVersion "1.4.4"]
[BlackElo "2530"]
[WhiteElo "2679"]

1. e4 {[%clk 0:03:03]} e5 {[%clk 0:03:03]} 2. Nf3 {[%clk 0:03:04]} Nc6
{[%clk 0:03:04]} 3. Bc4 {[%clk 0:03:05]} Bc5 {[%clk 0:03:05]} 4. O-O
{[%clk 0:03:05]} Nf6 {[%clk 0:03:06]} 5. d3 {[%clk 0:03:05]} O-O {[%clk 0:03:05]}
6. c3 {[%clk 0:03:06]} d6 {[%clk 0:03:06]} 7. a4 {[%clk 0:03:06]} a6
{[%clk 0:03:07]} 8. Na3 {[%clk 0:03:06]} h6 {[%clk 0:03:08]} 9. Nc2
{[%clk 0:03:06]} Ba7 {[%clk 0:03:08]} 10. Be3 {[%clk 0:03:07]} Bxe3 11. Nxe3
{[%clk 0:03:08]} Ne7 {[%clk 0:03:08]} 12. Qc2 {[%clk 0:03:06]} c6
{[%clk 0:03:09]} 13. Bb3 {[%clk 0:03:03]} Be6 {[%clk 0:03:07]} 14. Bxe6
{[%clk 0:03:02]} fxe6 {[%clk 0:03:07]} 15. d4 {[%clk 0:02:56]} exd4 16. cxd4
{[%clk 0:02:57]} d5 {[%clk 0:02:42]} 17. e5 {[%clk 0:02:57]} Ne4 {[%clk 0:02:41]}
18. Ne1 {[%clk 0:02:58]} Qb6 {[%clk 0:02:17]} 19. Rd1 {[%clk 0:02:14]} c5
{[%clk 0:02:15]} 20. dxc5 {[%clk 0:01:52]} Qxc5 {[%clk 0:02:16]} 21. Qb3
{[%clk 0:01:48]} Nc6 {[%clk 0:01:58]} 22. Nd3 {[%clk 0:01:49]} Qa5
{[%clk 0:01:39]} 23. Qxb7 {[%clk 0:01:49]} Nd4 {[%clk 0:01:27]} 24. f3
{[%clk 0:01:34]} Nc5 {[%clk 0:01:16]} 25. Nxc5 {[%clk 0:01:23]} Qxc5
{[%clk 0:01:17]} 26. b4 {[%clk 0:01:24]} Qc3 {[%clk 0:01:01]} 27. Nxd5
{[%clk 0:01:22]} Ne2+ {[%clk 0:01:02]} 28. Kf2 {[%clk 0:01:23]} Qb2
{[%clk 0:00:37]} 29. Ne7+ {[%clk 0:01:24]} Kh8 {[%clk 0:00:33]} 30. Ng6+
{[%clk 0:00:42]} Kg8 {[%clk 0:00:34]} 31. Ke3 {[%clk 0:00:40]} Rfd8
{[%clk 0:00:16]} 32. Qc7 {[%clk 0:00:27]} Nd4 {[%clk 0:00:04]} 33. Kf4
{[%clk 0:00:15]} Qxb4 {[%clk 0:00:03]} 34. Kg3 {[%clk 0:00:14]} Nf5+
{[%clk 0:00:05]} 35. Kh3 {[%clk 0:00:16]} Kh7 {[%clk 0:00:06]} 36. g4
{[%clk 0:00:16]} Rxd1 {[%clk 0:00:06]} 37. Rxd1 {[%clk 0:00:16]} Qb3
{[%clk 0:00:04]} 38. Rf1 {[%clk 0:00:17]} Qd3 {[%clk 0:00:06]} 39. Qc1
{[%clk 0:00:17]} Kxg6 40. gxf5+ {[%clk 0:00:18]} Qxf5+ {[%clk 0:00:07]} 41. Kg2
{[%clk 0:00:19]} Qxe5 {[%clk 0:00:07]} 42. Qc2+ {[%clk 0:00:20]} Qf5 43. Qc6
{[%clk 0:00:21]} Rd8 {[%clk 0:00:09]} 44. Rf2 {[%clk 0:00:22]} Rd4
{[%clk 0:00:08]} 45. Re2 {[%clk 0:00:22]} Kh7 {[%clk 0:00:04]} 46. Qxe6
{[%clk 0:00:21]} Qg5+ {[%clk 0:00:04]} 47. Kf2 {[%clk 0:00:21]} Qh4+
{[%clk 0:00:05]} 48. Kg2 {[%clk 0:00:22]} Qg5+ {[%clk 0:00:06]} 49. Kf2
{[%clk 0:00:23]} Rxa4 {[%clk 0:00:07]} 50. Qc6 {[%clk 0:00:23]} Qh4+ 51. Kg2 Qg5+
52. Kf2 Rh4 {[%clk 0:00:07]} 53. Qc7 {[%clk 0:00:24]} Qg6 {[%clk 0:00:04]} 54.
Re7 {[%clk 0:00:22]} Rb4 {[%clk 0:00:04]} 55. Re2 {[%clk 0:00:22]} Rb6
{[%clk 0:00:05]} 56. Qa7 {[%clk 0:00:21]} Rf6 {[%clk 0:00:06]} 57. Qc7
{[%clk 0:00:20]} Qf5 {[%clk 0:00:07]} 58. Re3 {[%clk 0:00:21]} Qd5
{[%clk 0:00:06]} 59. Qc2+ {[%clk 0:00:21]} Qf5 {[%clk 0:00:07]} 60. Qc7
{[%clk 0:00:21]} Qf4 {[%clk 0:00:08]} 61. Qc2+ {[%clk 0:00:21]} Qf5
{[%clk 0:00:09]} 62. Qc7 {[%clk 0:00:22]} Rg6 {[%clk 0:00:09]} 63. Ra3
{[%clk 0:00:19]} Qg5 {[%clk 0:00:09]} 64. Ra4 {[%clk 0:00:14]} Qg2+
{[%clk 0:00:10]} 65. Ke3 {[%clk 0:00:15]} Qg1+ {[%clk 0:00:08]} 66. Kd3
{[%clk 0:00:16]} Qd1+ {[%clk 0:00:09]} 67. Ke3 {[%clk 0:00:17]} Qxa4
{[%clk 0:00:10]} 68. Kd4 0-1

[Event "blitmenteam"]
[Site "?"]
[Date "2016.10.07"]
[Round "10.10"]
[White "Ivanov, Alexander Al."]
[Black "Khismatullin, Denis"]
[Result "0-1"]
[LiveChessVersion "1.4.4"]
[BlackElo "2604"]
[WhiteElo "2313"]

1. e4 {[%clk 0:03:03]} c5 {[%clk 0:03:03]} 2. Nf3 {[%clk 0:03:04]} d6
{[%clk 0:03:05]} 3. Bb5+ {[%clk 0:03:06]} Nd7 {[%clk 0:03:05]} 4. O-O
{[%clk 0:03:06]} a6 {[%clk 0:03:05]} 5. Bc4 {[%clk 0:03:08]} Ngf6
{[%clk 0:03:01]} 6. Re1 {[%clk 0:03:09]} b5 {[%clk 0:03:02]} 7. Bf1
{[%clk 0:03:06]} Bb7 {[%clk 0:03:03]} 8. d3 {[%clk 0:03:07]} g6 {[%clk 0:03:04]}
9. a4 {[%clk 0:03:06]} Bg7 {[%clk 0:03:05]} 10. Nc3 {[%clk 0:03:07]} b4
{[%clk 0:02:59]} 11. Nb1 {[%clk 0:03:06]} O-O {[%clk 0:02:58]} 12. Nbd2
{[%clk 0:03:07]} a5 {[%clk 0:02:38]} 13. Nc4 {[%clk 0:03:05]} Nb6
{[%clk 0:02:36]} 14. Nxb6 {[%clk 0:02:48]} Qxb6 {[%clk 0:02:37]} 15. Rb1
{[%clk 0:02:45]} e6 {[%clk 0:02:18]} 16. b3 {[%clk 0:02:43]} d5 {[%clk 0:02:18]}
17. Bb2 {[%clk 0:02:30]} dxe4 {[%clk 0:02:03]} 18. Bxf6 {[%clk 0:01:48]} exf3
{[%clk 0:01:56]} 19. Bxg7 {[%clk 0:01:45]} Kxg7 {[%clk 0:01:50]} 20. gxf3
{[%clk 0:01:43]} Rad8 {[%clk 0:01:50]} 21. Bg2 {[%clk 0:01:38]} Rd4
{[%clk 0:01:48]} 22. Qc1 {[%clk 0:01:36]} Rfd8 {[%clk 0:01:44]} 23. f4
{[%clk 0:01:21]} Bxg2 {[%clk 0:01:38]} 24. Kxg2 {[%clk 0:01:22]} R8d5
{[%clk 0:00:59]} 25. Re4 {[%clk 0:01:04]} Rf5 {[%clk 0:00:51]} 26. Qe3
{[%clk 0:00:40]} Qd6 {[%clk 0:00:51]} 27. Re1 {[%clk 0:00:34]} Rxf4
{[%clk 0:00:42]} 28. Qg3 {[%clk 0:00:28]} e5 {[%clk 0:00:33]} 29. f3
{[%clk 0:00:26]} f6 {[%clk 0:00:27]} 30. Qh3 {[%clk 0:00:26]} h5 {[%clk 0:00:20]}
31. Qc8 {[%clk 0:00:21]} Rdxe4 {[%clk 0:00:14]} 32. Rxe4 {[%clk 0:00:19]} Rxe4
{[%clk 0:00:08]} 33. fxe4 {[%clk 0:00:20]} h4 {[%clk 0:00:06]} 34. Kh3
{[%clk 0:00:16]} Qd4 {[%clk 0:00:06]} 35. Qc7+ {[%clk 0:00:10]} Kh6
{[%clk 0:00:07]} 36. Kxh4 Qf2+ {[%clk 0:00:07]} 37. Kh3 {[%clk 0:00:10]} Qf3+
{[%clk 0:00:08]} 0-1

[Event "blitmenteam"]
[Site "?"]
[Date "2016.10.07"]
[Round "10.11"]
[White "Pridorozhni, Aleksei"]
[Black "Uzhva, Andrey"]
[Result "1-0"]
[LiveChessVersion "1.4.4"]
[BlackElo "2132"]
[WhiteElo "2611"]

1. e4 {[%clk 0:03:03]} c5 {[%clk 0:03:04]} 2. Nc3 {[%clk 0:03:04]} Nc6
{[%clk 0:03:04]} 3. Bb5 {[%clk 0:03:05]} d6 {[%clk 0:03:01]} 4. Bxc6+
{[%clk 0:03:06]} bxc6 {[%clk 0:03:02]} 5. d3 {[%clk 0:03:06]} g6 {[%clk 0:03:03]}
6. f4 {[%clk 0:03:08]} Bg7 {[%clk 0:03:04]} 7. Nf3 {[%clk 0:03:09]} Bg4
{[%clk 0:02:46]} 8. O-O {[%clk 0:03:09]} e6 {[%clk 0:02:26]} 9. Qe1
{[%clk 0:03:09]} Rb8 {[%clk 0:02:17]} 10. Nd2 {[%clk 0:03:08]} Bd4+
{[%clk 0:01:55]} 11. Kh1 {[%clk 0:03:08]} e5 {[%clk 0:01:40]} 12. h3
{[%clk 0:02:57]} h5 {[%clk 0:01:15]} 13. Nb3 {[%clk 0:02:49]} Qd7
{[%clk 0:01:09]} 14. Ne2 {[%clk 0:02:14]} Bxh3 {[%clk 0:00:47]} 15. Nbxd4
{[%clk 0:02:13]} cxd4 {[%clk 0:00:35]} 16. gxh3 {[%clk 0:02:13]} Qxh3+
{[%clk 0:00:37]} 17. Kg1 {[%clk 0:02:14]} Qg4+ {[%clk 0:00:34]} 18. Kh2
{[%clk 0:02:14]} Nh6 {[%clk 0:00:29]} 19. fxe5 {[%clk 0:02:11]} dxe5
{[%clk 0:00:25]} 20. Bxh6 {[%clk 0:01:56]} Rxh6 {[%clk 0:00:26]} 21. Qf2
{[%clk 0:01:55]} Rh7 {[%clk 0:00:22]} 22. b3 {[%clk 0:01:55]} Qe6
{[%clk 0:00:16]} 23. Qf6 {[%clk 0:01:49]} Kd7 {[%clk 0:00:16]} 24. Ng1
{[%clk 0:01:46]} h4 {[%clk 0:00:12]} 25. Nh3 {[%clk 0:01:46]} Qg4
{[%clk 0:00:09]} 26. Rg1 {[%clk 0:01:39]} Qe2+ 27. Rg2 {[%clk 0:01:39]} Qe3
{[%clk 0:00:09]} 28. Rf1 {[%clk 0:01:35]} Re8 {[%clk 0:00:10]} 29. Qg5
{[%clk 0:01:22]} Qxg5 {[%clk 0:00:10]} 30. Nxg5 {[%clk 0:01:22]} Rg7
{[%clk 0:00:09]} 31. Nxf7 {[%clk 0:01:19]} Ke7 {[%clk 0:00:07]} 32. Nxe5
{[%clk 0:01:19]} g5 {[%clk 0:00:06]} 33. Kh3 {[%clk 0:01:18]} c5 {[%clk 0:00:08]}
34. Kg4 {[%clk 0:01:17]} Rh8 {[%clk 0:00:07]} 35. Rh2 {[%clk 0:01:15]} Rh6
{[%clk 0:00:07]} 36. Rf5 {[%clk 0:01:15]} Ra6 {[%clk 0:00:07]} 37. a4
{[%clk 0:01:14]} Re6 {[%clk 0:00:05]} 38. Nf3 {[%clk 0:01:14]} c4
{[%clk 0:00:05]} 39. bxc4 {[%clk 0:01:13]} Ra6 {[%clk 0:00:06]} 40. a5
{[%clk 0:01:13]} 1-0

[Event "blitmenteam"]
[Site "?"]
[Date "2016.10.07"]
[Round "10.12"]
[White "Ivlev, Aleksey"]
[Black "Bologan, Victor"]
[Result "0-1"]
[LiveChessVersion "1.4.4"]
[BlackElo "2601"]
[WhiteElo "2331"]

1. d4 {[%clk 0:03:03]} Nf6 {[%clk 0:03:03]} 2. Nf3 {[%clk 0:03:04]} c5
{[%clk 0:03:03]} 3. d5 {[%clk 0:03:04]} b5 {[%clk 0:03:03]} 4. c4
{[%clk 0:03:04]} g6 {[%clk 0:02:57]} 5. Qc2 {[%clk 0:03:02]} bxc4
{[%clk 0:02:55]} 6. e4 {[%clk 0:03:03]} d6 {[%clk 0:02:56]} 7. Bxc4
{[%clk 0:03:04]} Bg7 {[%clk 0:02:58]} 8. Nc3 {[%clk 0:03:03]} O-O
{[%clk 0:02:57]} 9. h3 {[%clk 0:03:02]} Nbd7 {[%clk 0:02:43]} 10. O-O
{[%clk 0:03:01]} Rb8 {[%clk 0:02:41]} 11. Rb1 {[%clk 0:03:00]} Nh5
{[%clk 0:02:36]} 12. g4 {[%clk 0:02:43]} Nhf6 {[%clk 0:02:35]} 13. Re1
{[%clk 0:02:44]} h5 {[%clk 0:02:30]} 14. g5 {[%clk 0:02:43]} Nh7 {[%clk 0:02:21]}
15. Bf1 {[%clk 0:02:35]} e5 {[%clk 0:02:06]} 16. Be3 {[%clk 0:02:18]} f6
{[%clk 0:01:57]} 17. gxf6 {[%clk 0:02:17]} Ndxf6 {[%clk 0:01:50]} 18. Ng5
{[%clk 0:02:16]} Nxd5 {[%clk 0:01:32]} 19. exd5 {[%clk 0:02:00]} Nxg5
{[%clk 0:01:32]} 20. Qxg6 {[%clk 0:01:56]} Nf3+ {[%clk 0:01:30]} 21. Kh1
{[%clk 0:01:49]} Bf5 {[%clk 0:01:26]} 22. Qxh5 {[%clk 0:01:49]} Nxe1
{[%clk 0:01:25]} 23. Rxe1 {[%clk 0:01:47]} Rxb2 {[%clk 0:01:23]} 24. Be2
{[%clk 0:01:37]} Qe8 {[%clk 0:01:06]} 25. Qh4 {[%clk 0:01:31]} Rb4
{[%clk 0:01:06]} 26. Qg3 {[%clk 0:01:25]} Qg6 {[%clk 0:01:07]} 27. Qxg6
{[%clk 0:00:52]} Bxg6 {[%clk 0:01:08]} 28. Nb5 Rf6 {[%clk 0:00:49]} 29. f3
{[%clk 0:00:35]} c4 {[%clk 0:00:45]} 30. Nxa7 {[%clk 0:00:33]} c3
{[%clk 0:00:44]} 31. Nc6 {[%clk 0:00:26]} Ra4 {[%clk 0:00:41]} 32. Ne7+
{[%clk 0:00:18]} Kf7 {[%clk 0:00:40]} 33. Nxg6 {[%clk 0:00:18]} Rxg6
{[%clk 0:00:40]} 34. Bd3 {[%clk 0:00:18]} Rg3 {[%clk 0:00:41]} 35. Re2
{[%clk 0:00:10]} Rxh3+ {[%clk 0:00:31]} 36. Kg2 {[%clk 0:00:11]} Rh8
{[%clk 0:00:28]} 37. Rc2 {[%clk 0:00:11]} Rc8 {[%clk 0:00:26]} 38. Bf5
{[%clk 0:00:09]} Rc7 {[%clk 0:00:24]} 39. Kf2 {[%clk 0:00:06]} Bf6
{[%clk 0:00:23]} 40. Ke2 {[%clk 0:00:07]} Rh4 {[%clk 0:00:21]} 41. Kd3
{[%clk 0:00:08]} Ra4 {[%clk 0:00:17]} 42. Be6+ {[%clk 0:00:09]} Ke7 43. Rh2 Bg7
{[%clk 0:00:13]} 44. Bg5+ {[%clk 0:00:12]} Kf8 {[%clk 0:00:14]} 45. Be3
{[%clk 0:00:12]} c2 {[%clk 0:00:15]} 0-1

[Event "blitmenteam"]
[Site "?"]
[Date "2016.10.07"]
[Round "10.13"]
[White "Moskalenko, Alexander"]
[Black "Alekseev, Evgeny"]
[Result "1/2-1/2"]
[LiveChessVersion "1.4.4"]
[BlackElo "2662"]
[WhiteElo "2573"]

1. e4 {[%clk 0:03:02]} c5 {[%clk 0:03:03]} 2. Nc3 {[%clk 0:03:01]} Nc6
{[%clk 0:03:00]} 3. g3 {[%clk 0:03:00]} g6 {[%clk 0:03:00]} 4. Bg2
{[%clk 0:03:01]} Bg7 {[%clk 0:03:00]} 5. d3 {[%clk 0:03:01]} d6 {[%clk 0:02:56]}
6. Nh3 {[%clk 0:02:50]} e6 {[%clk 0:02:40]} 7. O-O {[%clk 0:02:47]} Nge7
{[%clk 0:02:40]} 8. Bg5 {[%clk 0:02:39]} h6 {[%clk 0:02:36]} 9. Be3
{[%clk 0:02:38]} O-O {[%clk 0:02:33]} 10. Qd2 {[%clk 0:02:37]} Kh7
{[%clk 0:02:33]} 11. f4 {[%clk 0:02:35]} f5 {[%clk 0:02:26]} 12. Kh1
{[%clk 0:02:20]} b6 {[%clk 0:02:24]} 13. Rae1 {[%clk 0:02:16]} Qd7
{[%clk 0:02:16]} 14. Bg1 {[%clk 0:01:43]} Bb7 {[%clk 0:02:15]} 15. Nd1
{[%clk 0:01:42]} d5 {[%clk 0:01:59]} 16. exf5 {[%clk 0:01:38]} exf5
{[%clk 0:01:53]} 17. Bf3 {[%clk 0:01:21]} Rae8 {[%clk 0:01:44]} 18. a3
{[%clk 0:01:19]} d4 {[%clk 0:01:38]} 19. Qg2 {[%clk 0:01:16]} Nd8
{[%clk 0:01:32]} 20. Bf2 {[%clk 0:01:13]} Nd5 {[%clk 0:01:17]} 21. Rxe8
{[%clk 0:01:10]} Rxe8 {[%clk 0:01:17]} 22. Re1 {[%clk 0:01:11]} Rxe1+
{[%clk 0:01:15]} 23. Bxe1 {[%clk 0:01:13]} Ne6 {[%clk 0:01:07]} 24. Bd2
{[%clk 0:01:14]} Bf6 {[%clk 0:01:00]} 25. Nhf2 {[%clk 0:01:07]} Nd8
{[%clk 0:00:49]} 26. h4 {[%clk 0:01:05]} h5 {[%clk 0:00:41]} 27. Nh3
{[%clk 0:01:02]} Ne7 {[%clk 0:00:39]} 28. Ng5+ {[%clk 0:00:53]} Bxg5 29. fxg5
{[%clk 0:00:54]} Bxf3 {[%clk 0:00:39]} 30. Qxf3 {[%clk 0:00:55]} Qd5
{[%clk 0:00:40]} 31. Kg2 {[%clk 0:00:56]} Ne6 {[%clk 0:00:37]} 32. Nf2
{[%clk 0:00:52]} Kg7 {[%clk 0:00:36]} 33. Bf4 {[%clk 0:00:45]} Nxf4+
{[%clk 0:00:28]} 34. gxf4 {[%clk 0:00:46]} Kf7 {[%clk 0:00:27]} 35. Nd1
{[%clk 0:00:43]} Ke6 {[%clk 0:00:26]} 36. Kf2 {[%clk 0:00:44]} Qxf3+ 37. Kxf3
{[%clk 0:00:45]} b5 {[%clk 0:00:22]} 38. c4 {[%clk 0:00:33]} bxc4
{[%clk 0:00:13]} 39. dxc4 {[%clk 0:00:34]} Nc8 {[%clk 0:00:12]} 40. Nf2
{[%clk 0:00:21]} Nd6 {[%clk 0:00:14]} 41. b3 {[%clk 0:00:21]} a5 {[%clk 0:00:13]}
42. a4 {[%clk 0:00:23]} Kf7 {[%clk 0:00:10]} 43. Ke2 {[%clk 0:00:18]} Ne4
{[%clk 0:00:07]} 44. Nd3 {[%clk 0:00:17]} Nc3+ {[%clk 0:00:07]} 45. Kf3
{[%clk 0:00:15]} Ne4 {[%clk 0:00:09]} 46. Ne5+ {[%clk 0:00:16]} Kg7
{[%clk 0:00:10]} 47. Ke2 {[%clk 0:00:14]} Nc3+ {[%clk 0:00:10]} 48. Kd3
{[%clk 0:00:13]} Nd1 {[%clk 0:00:08]} 49. Nd7 {[%clk 0:00:11]} Ne3
{[%clk 0:00:06]} 50. Nxc5 {[%clk 0:00:11]} Ng2 {[%clk 0:00:07]} 51. Kxd4
{[%clk 0:00:07]} Nxf4 {[%clk 0:00:07]} 52. Ke5 {[%clk 0:00:06]} Ng2
{[%clk 0:00:07]} 53. Ne6+ {[%clk 0:00:07]} Kf7 {[%clk 0:00:08]} 54. c5
{[%clk 0:00:09]} Nxh4 {[%clk 0:00:08]} 55. c6 {[%clk 0:00:07]} Ke7
{[%clk 0:00:07]} 56. Nf4 {[%clk 0:00:08]} Nf3+ {[%clk 0:00:08]} 57. Kd5
{[%clk 0:00:09]} Nxg5 {[%clk 0:00:07]} 58. Nxg6+ {[%clk 0:00:10]} Kd8
{[%clk 0:00:09]} 59. Kd6 {[%clk 0:00:06]} Ne4+ {[%clk 0:00:10]} 60. Ke5
{[%clk 0:00:06]} Kc7 {[%clk 0:00:11]} 61. Kxf5 {[%clk 0:00:07]} Nd2
{[%clk 0:00:10]} 62. Ke6 {[%clk 0:00:07]} Kxc6 {[%clk 0:00:11]} 63. Ke5
{[%clk 0:00:06]} Kc5 {[%clk 0:00:10]} 64. Ne7 {[%clk 0:00:06]} Nxb3
{[%clk 0:00:09]} 65. Kf5 {[%clk 0:00:05]} Kd6 {[%clk 0:00:07]} 66. Nc8+
{[%clk 0:00:06]} Kc7 {[%clk 0:00:06]} 67. Ne7 {[%clk 0:00:07]} Kd6
{[%clk 0:00:05]} 68. Nc8+ {[%clk 0:00:08]} Kc5 {[%clk 0:00:07]} 69. Ne7
{[%clk 0:00:09]} Nd2 {[%clk 0:00:07]} 70. Ng6 {[%clk 0:00:09]} Nc4
{[%clk 0:00:08]} 71. Nf4 {[%clk 0:00:09]} Nb2 {[%clk 0:00:08]} 72. Ne6+
{[%clk 0:00:08]} Kc4 {[%clk 0:00:08]} 73. Nd8 {[%clk 0:00:08]} Nxa4
{[%clk 0:00:07]} 74. Nb7 {[%clk 0:00:10]} Kb5 {[%clk 0:00:08]} 75. Kg5
{[%clk 0:00:10]} Nc5 {[%clk 0:00:08]} 76. Nxa5 {[%clk 0:00:11]} 1/2-1/2

[Event "blitmenteam"]
[Site "?"]
[Date "2016.10.07"]
[Round "10.14"]
[White "Romanov, Evgeny"]
[Black "Paravyan, David"]
[Result "1-0"]
[LiveChessVersion "1.4.4"]
[BlackElo "2579"]
[WhiteElo "2518"]

1. d4 {[%clk 0:03:03]} d5 {[%clk 0:03:03]} 2. Nf3 {[%clk 0:03:04]} e6
{[%clk 0:03:03]} 3. Bf4 {[%clk 0:03:04]} Nf6 {[%clk 0:02:59]} 4. e3
{[%clk 0:03:05]} Bd6 {[%clk 0:02:59]} 5. Bg3 {[%clk 0:03:05]} Ne4
{[%clk 0:02:58]} 6. Bxd6 {[%clk 0:02:55]} Qxd6 {[%clk 0:02:57]} 7. Nbd2
{[%clk 0:02:56]} Nxd2 {[%clk 0:02:48]} 8. Qxd2 {[%clk 0:02:57]} O-O
{[%clk 0:02:45]} 9. Bd3 {[%clk 0:02:58]} Nd7 {[%clk 0:02:34]} 10. c4
{[%clk 0:02:37]} dxc4 {[%clk 0:02:27]} 11. Bxc4 {[%clk 0:02:38]} b6
{[%clk 0:02:28]} 12. O-O {[%clk 0:02:34]} Bb7 {[%clk 0:02:29]} 13. Be2
{[%clk 0:02:34]} Rfd8 {[%clk 0:02:15]} 14. Rfd1 {[%clk 0:02:34]} c5
{[%clk 0:01:54]} 15. Rac1 {[%clk 0:02:34]} Rac8 {[%clk 0:01:53]} 16. Qe1
{[%clk 0:02:16]} cxd4 {[%clk 0:01:39]} 17. Rxd4 {[%clk 0:02:15]} Qe7
{[%clk 0:01:35]} 18. Rxc8 {[%clk 0:02:01]} Rxc8 {[%clk 0:01:36]} 19. h3
{[%clk 0:02:00]} g6 {[%clk 0:01:27]} 20. Qd1 {[%clk 0:01:53]} Nf6
{[%clk 0:01:28]} 21. Ne5 {[%clk 0:01:46]} Kg7 {[%clk 0:01:15]} 22. Bf3
{[%clk 0:01:24]} Bxf3 {[%clk 0:01:01]} 23. Qxf3 {[%clk 0:01:09]} Rc1+
{[%clk 0:01:01]} 24. Rd1 {[%clk 0:00:58]} Qc7 {[%clk 0:00:38]} 25. Nd3
{[%clk 0:00:47]} Rc2 {[%clk 0:00:32]} 26. g3 {[%clk 0:00:43]} h5 {[%clk 0:00:27]}
27. e4 {[%clk 0:00:29]} Qb7 {[%clk 0:00:17]} 28. Re1 {[%clk 0:00:29]} Qd7
{[%clk 0:00:14]} 29. e5 {[%clk 0:00:22]} Nd5 {[%clk 0:00:14]} 30. h4
{[%clk 0:00:19]} Qa4 {[%clk 0:00:13]} 31. a3 Qb3 {[%clk 0:00:09]} 32. Re4
{[%clk 0:00:10]} Rd2 {[%clk 0:00:09]} 33. Rd4 {[%clk 0:00:10]} Qc2
{[%clk 0:00:06]} 34. Qe4 {[%clk 4:12:07]} Qd1+ {[%clk 0:00:05]} 35. Kg2
{[%clk 0:00:06]} a5 {[%clk 0:00:06]} 36. Qf3 {[%clk 0:00:04]} Qc2
{[%clk 0:00:04]} 37. Qe4 {[%clk 0:00:04]} Qd1 {[%clk 0:00:04]} 38. Qf3
{[%clk 0:00:06]} Qc2 {[%clk 0:00:04]} 39. Qe4 {[%clk 0:00:07]} b5
{[%clk 0:00:04]} 40. b4 {[%clk 0:00:05]} a4 {[%clk 0:00:04]} 41. Nc5
{[%clk 0:00:05]} Rxf2+ {[%clk 0:00:04]} 42. Kg1 {[%clk 0:00:05]} Qb2
{[%clk 0:00:04]} 43. Rd1 {[%clk 0:00:05]} Re2 {[%clk 0:00:05]} 44. Qf3
{[%clk 0:00:06]} Ne3 {[%clk 0:00:06]} 45. Nd3 {[%clk 0:00:06]} Qc2
{[%clk 0:00:05]} 46. Re1 {[%clk 0:00:05]} Rg2+ {[%clk 0:00:04]} 47. Kh1
{[%clk 0:00:06]} Rh2+ 48. Kg1 Rg2+ {[%clk 0:00:06]} 49. Kh1 {[%clk 0:00:10]} Rh2+
{[%clk 0:00:04]} 50. Kg1 {[%clk 0:00:11]} Ng4 {[%clk 0:00:05]} 51. Rf1
{[%clk 0:00:11]} Qc3 {[%clk 0:00:04]} 52. Qxf7+ {[%clk 0:00:12]} 1-0

[Event "blitmenteam"]
[Site "?"]
[Date "2016.10.07"]
[Round "10.15"]
[White "Matinian, Nikita"]
[Black "Levin, Evgeny A."]
[Result "1/2-1/2"]
[LiveChessVersion "1.4.4"]
[BlackElo "2480"]
[WhiteElo "2539"]

1. e4 {[%clk 0:03:01]} d5 {[%clk 0:03:02]} 2. exd5 {[%clk 0:03:02]} Qxd5
{[%clk 0:03:04]} 3. Nc3 {[%clk 0:03:04]} Qd8 {[%clk 0:03:05]} 4. Bc4
{[%clk 0:03:03]} c6 {[%clk 0:03:06]} 5. Nge2 {[%clk 0:03:01]} Bf5
{[%clk 0:03:06]} 6. O-O {[%clk 0:02:55]} e6 {[%clk 0:03:07]} 7. d4
{[%clk 0:02:52]} Nd7 {[%clk 0:03:05]} 8. Ng3 {[%clk 0:02:53]} Bg6
{[%clk 0:03:07]} 9. f4 {[%clk 0:02:23]} Nh6 {[%clk 0:03:06]} 10. Bd3
{[%clk 0:02:15]} Nf6 {[%clk 0:02:55]} 11. Kh1 {[%clk 0:02:09]} Nf5
{[%clk 0:02:40]} 12. Nxf5 {[%clk 0:02:01]} Bxf5 {[%clk 0:02:40]} 13. Bxf5
{[%clk 0:02:02]} exf5 {[%clk 0:02:42]} 14. Re1+ {[%clk 0:02:03]} Be7
{[%clk 0:02:43]} 15. Re5 {[%clk 0:01:39]} g6 {[%clk 0:02:35]} 16. Qe1
{[%clk 0:01:15]} Kf8 {[%clk 0:02:31]} 17. Bd2 {[%clk 0:01:05]} Ng4
{[%clk 0:02:05]} 18. Re2 {[%clk 0:00:58]} Bd6 {[%clk 0:01:44]} 19. h3
{[%clk 0:00:56]} Nf6 {[%clk 0:01:45]} 20. Nd1 {[%clk 0:00:43]} Ne4
{[%clk 0:01:40]} 21. Nc3 {[%clk 0:00:38]} Nf6 {[%clk 0:01:41]} 22. Nd1
{[%clk 0:00:38]} Ne4 {[%clk 0:01:42]} 23. Nc3 {[%clk 0:00:40]} Nf6
{[%clk 0:01:43]} 24. Nd1 {[%clk 0:00:41]} Ne4 {[%clk 0:01:43]} 1/2-1/2